| 000 | 00862nam a2200265Ia 4500 | ||
|---|---|---|---|
| 003 | OSt | ||
| 005 | 20221006152016.0 | ||
| 006 | a|||||r|||| 00| 0 | ||
| 007 | ta | ||
| 008 | 221006b |||||||| |||| 00| 0 eng d | ||
| 024 | _a24,203 | ||
| 037 |
_bGift, Japan Foundation _cTextual |
||
| 040 |
_aEASL _cEASL _beng |
||
| 041 |
_2eng _aeng |
||
| 082 | _aR842wN22, P4 | ||
| 100 |
_aIMAMICHI Tomonobu _9660540 |
||
| 245 | 0 |
_aIn search of wisdom _b One philosopher's journey |
|
| 260 |
_aTokyo _bLTCB International Library Trust/International House of Japan _c2004 |
||
| 300 |
_a279p. _ccm. |
||
| 490 |
_v Gen _aLTCB International Library Selection No. 15 |
||
| 650 | _aGen | ||
| 700 |
_a FOSTER Mary E Tr. _9660541 |
||
| 942 |
_hR842wN22, P4 _cTEXL _2CC |
||
| 999 |
_c1092289 _d1092289 |
||